000 00725nam a2200253Ia 4500
003 OSt
005 20220924142319.0
006 a|||||r|||| 00| 0
007 ta
008 220923b |||||||| |||| 00| 0 ben d
020 _a8187360933 (hbk)
020 _c100
024 _a301429
037 _bM/2008/39, 11/09/2008, Mukta Dhara
_cTextual
040 _aARTS
_cARTS
_bben
041 _2ben
_aben
082 _aY73(P157):351, 157P6
100 _aMajumdar Tulika
_9213197
245 0 _aBanglor lolsanskriti o grammin nari
260 _c2006
650 _aSOCIOLOGY
942 _hY73(P157):351, 157P6
_cTEXL
_2CC
999 _c450250
_d450250